[Event "Ottawa RA Fall op"]
[Site "Ottawa"]
[Date "2014.09.20"]
[Round "3"]
[White "Smilovici, Emil"]
[Black "Upper, John"]
[Result "1-0"]
[WhiteElo "1919"]
[BlackElo "2198"]
[PlyCount "91"]
[EventDate "2014.09.19"]
[EventType "swiss"]
[EventRounds "5"]
[EventCountry "CAN"]
[SourceTitle "EXT 2022"]
[Source "ChessBase"]
[SourceDate "2021.10.06"]
[SourceVersion "1"]
[SourceVersionDate "2021.10.06"]
[SourceQuality "1"]

1. e4 e6 2. d4 d5 3. exd5 exd5 4. Nf3 Bg4 5. h3 Bh5 6. Be2 Nc6 7. c3 Bd6 8. 0-0 Nge7 9. Re1 0-0 10. Ng5 Bxe2 11. Qxe2 h6 12. Nf3 Ng6 13. Be3 a6 14. Na3 Qf6 15. Nc2 Rae8 16. Qf1 Kh7 17. Bd2 Bf4 18. Ne3 Bxe3 19. Rxe3 Rxe3 20. Bxe3 Nce7 21. Re1 Nf5 22. Bd2 Nd6 23. Ne5 Qf5 24. Qe2 Re8 25. Qf3 Nxe5 26. Qxf5+ Nxf5 27. Rxe5 Rxe5 28. dxe5 g5 29. f4 Kg6 30. g4 Ng3 31. f5+ Nxf5 32. gxf5+ Kxf5 33. Be1 c5 34. Bg3 b5 35. Kf2 Ke4 36. Ke2 h5 37. Bf2 d4 38. cxd4 cxd4 39. Kd2 h4 40. Bg1 Kxe5 41. Kd3 Kf4 42. Kxd4 Kg3 43. Be3 g4 44. hxg4 h3 45. Ke4 Kxg4 46. Bf4 1-0

[Event "Ottawa RA Fall op"]
[Site "Ottawa"]
[Date "2013.09.13"]
[Round "1"]
[White "Smilovici, Emil"]
[Black "Gelblum, Robert"]
[Result "1/2-1/2"]
[WhiteElo "1980"]
[BlackElo "2245"]
[PlyCount "58"]
[EventDate "2013.09.13"]
[EventType "swiss"]
[EventRounds "5"]
[EventCountry "CAN"]
[SourceTitle "EXT 2022"]
[Source "ChessBase"]
[SourceDate "2021.10.06"]
[SourceVersion "1"]
[SourceVersionDate "2021.10.06"]
[SourceQuality "1"]

1. e4 e5 2. Nf3 Nc6 3. Bb5 a6 4. Bxc6 dxc6 5. 0-0 Bd6 6. d4 exd4 7. Qxd4 f6 8. Be3 Ne7 9. Nbd2 Be6 10. h3 Ng6 11. Nc4 0-0 12. Nxd6 cxd6 13. Rad1 d5 14. Qb4 Qc7 15. Bc5 Rfe8 16. Bd6 Qf7 17. Rfe1 dxe4 18. Rxe4 Bd5 19. Rxe8+ Rxe8 20. Qc3 Bxf3 21. Qxf3 Qxa2 22. Ba3 Qe6 23. Rd6 Qc4 24. c3 Qf7 25. Qf5 Nf8 26. Qd3 Qg6 27. Qc4+ Qf7 28. Qd3 Qg6 29. Qc4+ Qf7 1/2-1/2

[Event "Eastern Ontario op"]
[Site "Ottawa"]
[Date "2013.06.21"]
[Round "1"]
[White "Smilovici, Emil"]
[Black "Valdizon, Armando"]
[Result "0-1"]
[WhiteElo "1985"]
[BlackElo "2098"]
[PlyCount "166"]
[EventDate "2013.06.21"]
[EventType "swiss"]
[EventRounds "5"]
[EventCountry "CAN"]
[SourceTitle "EXT 2014"]
[Source "ChessBase"]
[SourceDate "2013.11.20"]
[SourceVersion "1"]
[SourceVersionDate "2013.11.20"]
[SourceQuality "1"]

1. e4 g6 2. d4 Bg7 3. f4 c6 4. Nf3 d5 5. e5 h5 6. Nc3 Nh6 7. Bd3 Bf5 8. Ne2 e6 9. Ng5 c5 10. c3 Bf8 11. Qa4+ Nc6 12. Bb5 Qb6 13. Be3 Ng4 14. Bg1 Rc8 15. h3 Nh6 16. Bf2 a6 17. Bxc6+ Rxc6 18. Qb3 c4 19. Qd1 Qxb2 20. 0-0 Be7 21. Be1 Bd3 22. Rf2 Qa3 23. Bd2 h4 24. Kh2 Nf5 25. Nc1 Bxg5 26. Nxd3 Be7 27. Ne1 b5 28. Nc2 Qa4 29. Qb1 Kd7 30. a3 Ng3 31. Be1 Rb8 32. Nb4 Rc7 33. Qc2 Rb6 34. Qb1 Ra7 35. Rfa2 Nf5 36. Bf2 Rbb7 37. Nc2 Qa5 38. Nb4 Qb6 39. Nc2 Qd8 40. Qd1 Qf8 41. Rb1 a5 42. Qc1 Ra8 43. Rab2 Rab8 44. Ra2 Qh6 45. Qd1 Qxf4+ 46. Kg1 Qh6 47. Be1 Qf8 48. Bd2 Qd8 49. Rab2 Qc7 50. Qg4 Qc8 51. Qf3 Qf8 52. Ra2 Qd8 53. Rab2 Kc6 54. Be1 Bg5 55. Qd1 Be7 56. Ra2 Qf8 57. Bd2 Qc8 58. Qe1 Rb6 59. Rab2 Qa6 60. Qf2 Kd7 61. Be1 Bg5 62. Ra2 Qb7 63. Rab2 Ke8 64. Qe2 Qd7 65. Ra2 Qa7 66. Rab2 Be7 67. Bd2 Qc7 68. Qf2 b4 69. axb4 axb4 70. Nxb4 Bxb4 71. Rxb4 Rxb4 72. cxb4 c3 73. Bc1 Qc4 74. Qc2 Qxd4+ 75. Kh1 Ng3+ 76. Kh2 Rxb4 77. Ra1 Qxe5 78. Ra8+ Kd7 79. Ra7+ Kc6 80. Qd3 Nf5+ 81. Kh1 Qe1+ 82. Kh2 Qg3+ 83. Qxg3 hxg3+ 0-1

[Event "Gatineau op"]
[Site "Gatineau"]
[Date "2013.03.01"]
[Round "1"]
[White "Smilovici, Emil"]
[Black "Hambleton, Aman"]
[Result "0-1"]
[WhiteElo "2010"]
[BlackElo "2584"]
[PlyCount "34"]
[EventDate "2013.03.01"]
[EventType "swiss"]
[EventRounds "5"]
[EventCountry "CAN"]
[SourceTitle "EXT 2022"]
[Source "ChessBase"]
[SourceDate "2021.10.06"]
[SourceVersion "1"]
[SourceVersionDate "2021.10.06"]
[SourceQuality "1"]

1. e4 b6 2. d4 Bb7 3. Bd3 Nf6 4. Nc3 e6 5. Nf3 Bb4 6. Qe2 d5 7. e5 Ne4 8. Bxe4 dxe4 9. Ng5 Qxd4 10. 0-0 Bxc3 11. bxc3 Qxe5 12. Qh5 Qf5 13. Qh4 f6 14. Nh3 e5 15. g4 Qf3 16. Be3 h5 17. g5 Bc8 0-1

[Event "Ottawa RA Spring op"]
[Site "Ottawa"]
[Date "2013.02.15"]
[Round "1"]
[White "Smilovici, Emil"]
[Black "Qin, Zi Yi"]
[Result "0-1"]
[WhiteElo "2036"]
[BlackElo "2145"]
[PlyCount "58"]
[EventDate "2013.02.15"]
[EventType "swiss"]
[EventRounds "5"]
[EventCountry "CAN"]
[SourceTitle "EXT 2022"]
[Source "ChessBase"]
[SourceDate "2021.10.06"]
[SourceVersion "1"]
[SourceVersionDate "2021.10.06"]
[SourceQuality "1"]

1. e4 c5 2. Nf3 d6 3. d4 cxd4 4. Nxd4 Nf6 5. Nc3 a6 6. Bg5 e6 7. f4 Be7 8. Qf3 Qc7 9. 0-0-0 Nbd7 10. Bd3 h6 11. Bh4 g5 12. fxg5 Ne5 13. Qe2 Nfg4 14. h3 hxg5 15. Bg3 Nxd3+ 16. Rxd3 Ne5 17. Bxe5 dxe5 18. Nb3 Bd7 19. Qf2 b5 20. Rf1 Rf8 21. Rf3 f6 22. h4 gxh4 23. Qxh4 0-0-0 24. Qh7 Bc6 25. Na5 Ba8 26. Nxb5 Qxa5 27. Rc3+ Kb8 28. Qxe7 axb5 29. Ra3 Qd2+ 0-1

[Event "Ottawa National Capital op"]
[Site "Ottawa"]
[Date "2012.10.20"]
[Round "3"]
[White "Smilovici, Emil"]
[Black "Hamilton, Robert"]
[Result "1-0"]
[WhiteElo "1937"]
[BlackElo "2390"]
[PlyCount "125"]
[EventDate "2012.10.19"]
[EventType "swiss"]
[EventRounds "5"]
[EventCountry "CAN"]
[SourceTitle "EXT 2022"]
[Source "ChessBase"]
[SourceDate "2021.10.06"]
[SourceVersion "1"]
[SourceVersionDate "2021.10.06"]
[SourceQuality "1"]

1. e4 c5 2. Nf3 e6 3. d4 cxd4 4. Nxd4 a6 5. Nc3 b5 6. a3 Bb7 7. Bd3 Bc5 8. Nb3 Be7 9. Qg4 g6 10. e5 Nc6 11. Qe2 d6 12. exd6 Qxd6 13. Ne4 Qc7 14. Be3 Nf6 15. Nec5 Nd5 16. Nxb7 Nxe3 17. Qxe3 Qxb7 18. Be4 Qc7 19. Qc3 Kd7 20. 0-0-0+ Bd6 21. Rd3 b4 22. axb4 Ke7 23. Qxc6 Qxc6 24. Bxc6 Rac8 25. Ba4 Bxb4 26. Rhd1 Kf6 27. Rf3+ Kg7 28. Rd7 Rhf8 29. c3 Bc5 30. Nxc5 Rxc5 31. Ra7 a5 32. Kc2 g5 33. Bb3 Re5 34. Re3 Rf5 35. f3 Kf6 36. Re4 Rb8 37. Bc4 h5 38. h3 Rc5 39. h4 Rf5 40. b3 Rg8 41. hxg5+ Rgxg5 42. Bf1 Rg8 43. Rb7 Rg7 44. c4 Rg8 45. Rb5 Rc8 46. Rxf5+ Kxf5 47. Rh4 Kg5 48. Rd4 f5 49. Bd3 h4 50. Kb2 e5 51. Rd5 Kf4 52. Rxa5 e4 53. fxe4 fxe4 54. Bxe4 Kxe4 55. Rh5 Rg8 56. Rxh4+ Ke5 57. g4 Kd4 58. g5+ Kc5 59. Rg4 Kb4 60. g6 Rg7 61. Rg3 Ka5 62. Kc3 Rxg6 63. b4+ 1-0

[Event "IECG TE.2006.S.02303 email"]
[Site "IECG email"]
[Date "2008.03.01"]
[Round "?"]
[White "Korchut, Adam"]
[Black "Smilovici, Emil"]
[Result "1/2-1/2"]
[WhiteElo "2149"]
[BlackElo "1953"]
[PlyCount "131"]
[EventDate "2008.03.01"]
[EventType "tourn (corr)"]
[EventRounds "12"]
[SourceTitle "Corr 2024"]
[Source "ChessBase"]
[SourceDate "2023.10.19"]
[SourceVersion "1"]
[SourceVersionDate "2023.10.19"]
[SourceQuality "1"]

1. e4 c5 2. c3 d5 3. exd5 Qxd5 4. d4 Nf6 5. Nf3 Bg4 6. Nbd2 Nc6 7. Bc4 Bxf3 8. Qxf3 Qxf3 9. Nxf3 cxd4 10. Nxd4 Nxd4 11. cxd4 Rc8 12. Bb5+ Kd8 13. 0-0 e6 14. Bd3 Nd5 15. Bd2 g6 16. g3 Bg7 17. Be3 Kd7 18. Rac1 Kd6 19. Kg2 h5 20. h4 Rhd8 21. b3 a6 22. a4 Nxe3+ 23. fxe3 f5 24. Bc4 Rd7 25. Kf3 Ke7 26. Rfe1 e5 27. a5 e4+ 28. Ke2 Rdc7 29. Kd2 Bf8 30. Rc2 Kf6 31. Kc3 Bd6 32. Rg1 Rg7 33. Rf2 Bc7 34. Kb4 Ke7 35. Rff1 Bd6+ 36. Kc3 Rc6 37. Rg2 Bc7 38. b4 Bd6 39. Kb3 Kd8 40. Bd5 Rc8 41. Rb2 Rgc7 42. Ka2 Ke7 43. b5 Rd7 44. bxa6 bxa6 45. Rg1 Rc3 46. Rb3 Rc2+ 47. Kb1 Rf2 48. Bg8 Rf3 49. Bc4 Bc7 50. Rg2 Bxa5 51. Be2 Be1 52. Bxf3 exf3 53. Rg1 f2 54. Rf1 a5 55. Kc2 Ke6 56. Kd3 Rd6 57. Rb2 a4 58. Rbxf2 Bxf2 59. Rxf2 Kd5 60. Ra2 Ra6 61. Ra3 Ra8 62. Kc3 Ra7 63. Kb4 Rb7+ 64. Kc3 Ra7 65. Kb4 Rb7+ 66. Kc3 1/2-1/2

[Event "IECG TE.2006.S.02303 email"]
[Site "IECG email"]
[Date "2008.03.01"]
[Round "?"]
[White "Sapi, Janos"]
[Black "Smilovici, Emil"]
[Result "0-1"]
[WhiteElo "2066"]
[BlackElo "1953"]
[PlyCount "56"]
[EventDate "2008.03.01"]
[EventType "tourn (corr)"]
[EventRounds "12"]
[SourceTitle "Corr 2024"]
[Source "ChessBase"]
[SourceDate "2023.10.19"]
[SourceVersion "1"]
[SourceVersionDate "2023.10.19"]
[SourceQuality "1"]

1. e4 c5 2. c3 d5 3. exd5 Qxd5 4. d4 Nf6 5. Nf3 Bg4 6. Nbd2 Nc6 7. Bc4 Bxf3 8. Qb3 Na5 9. Qb5+ Qd7 10. Nxf3 Nxc4 11. Qxc4 cxd4 12. Nxd4 e5 13. Nc2 Be7 14. 0-0 0-0 15. Bg5 Rac8 16. Qb3 Rfd8 17. Ne3 Qc6 18. Rae1 Re8 19. Bxf6 Bxf6 20. Ng4 Re7 21. Re3 e4 22. f3 Bg5 23. Rxe4 Rce8 24. Nf2 Be3 25. Rxe7 Rxe7 26. Rd1 Bb6 27. Kf1 Qc5 28. Rd4 Qe5 0-1

[Event "IECG TE.2006.S.02303 email"]
[Site "IECG email"]
[Date "2008.03.01"]
[Round "?"]
[White "Smilovici, Emil"]
[Black "Sapi, Janos"]
[Result "1-0"]
[WhiteElo "1953"]
[BlackElo "2066"]
[PlyCount "51"]
[EventDate "2008.03.01"]
[EventType "tourn (corr)"]
[EventRounds "12"]
[SourceTitle "Corr 2024"]
[Source "ChessBase"]
[SourceDate "2023.10.19"]
[SourceVersion "1"]
[SourceVersionDate "2023.10.19"]
[SourceQuality "1"]

1. e4 c5 2. c3 d5 3. exd5 Qxd5 4. d4 Nf6 5. Nf3 e6 6. Be3 cxd4 7. cxd4 Bb4+ 8. Nc3 0-0 9. Bd3 b6 10. 0-0 Bxc3 11. bxc3 Ba6 12. Bxa6 Nxa6 13. Qa4 Qb7 14. c4 Rac8 15. Rfe1 Nb8 16. Rac1 h6 17. Qb5 Rfd8 18. Bd2 Qc7 19. Qb2 Qd6 20. Bb4 Qf4 21. Qb1 Nc6 22. Bd2 Qd6 23. Bc3 Qf4 24. a3 Rd7 25. Qd3 Rcd8 26. Qc2 1-0

[Event "IECG TE.2004.F.01500 email"]
[Site "IECG email"]
[Date "2007.11.22"]
[Round "?"]
[White "Smilovici, Emil"]
[Black "Geiger, Walter"]
[Result "1/2-1/2"]
[WhiteElo "1953"]
[BlackElo "2149"]
[PlyCount "80"]
[EventDate "2007.11.22"]
[EventType "tourn (corr)"]
[EventRounds "14"]
[SourceTitle "Corr 2024"]
[Source "ChessBase"]
[SourceDate "2023.10.19"]
[SourceVersion "1"]
[SourceVersionDate "2023.10.19"]
[SourceQuality "1"]

1. e4 e6 2. d4 d5 3. Nc3 Nf6 4. Bg5 Bb4 5. e5 h6 6. Bd2 Bxc3 7. bxc3 Ne4 8. Qg4 g6 9. Bd3 Nxd2 10. Kxd2 c5 11. h4 c4 12. Be2 Nd7 13. Rh3 Qb6 14. Kc1 Qa5 15. a3 Nb6 16. Qf3 Rh7 17. Qe3 Bd7 18. Nf3 0-0-0 19. Nh2 Ba4 20. Ng4 h5 21. Nf6 Rhh8 22. Kd1 Nd7 23. Rf3 Nxf6 24. Rxf6 Rd7 25. Qd2 Rc7 26. Rf3 Rh7 27. Qg5 Qb5 28. Qc1 Rc6 29. Rb1 Qa5 30. Ke1 Ra6 31. Kf1 Bd7 32. Ra1 Qb5 33. Rb1 Qa4 34. Ra1 Rb6 35. Rh3 Qb5 36. Ke1 Qa5 37. Rf3 Qa4 38. Rg3 Bc6 39. Rh3 Qa5 40. Rf3 Qb5 1/2-1/2

[Event "IECG TE.2004.F.01500 email"]
[Site "IECG email"]
[Date "2007.11.22"]
[Round "?"]
[White "Waerstad, Leif"]
[Black "Smilovici, Emil"]
[Result "0-1"]
[WhiteElo "1784"]
[BlackElo "1953"]
[PlyCount "37"]
[EventDate "2007.11.22"]
[EventType "tourn (corr)"]
[EventRounds "14"]
[SourceTitle "Corr 2024"]
[Source "ChessBase"]
[SourceDate "2023.10.19"]
[SourceVersion "1"]
[SourceVersionDate "2023.10.19"]
[SourceQuality "1"]

1. e4 e6 2. d4 d5 3. Nc3 Nf6 4. Bg5 Bb4 5. e5 h6 6. Bd2 Bxc3 7. bxc3 Ne4 8. Qg4 g6 9. Bc1 c5 10. Bd3 Nxc3 11. dxc5 Qa5 12. Bd2 Qa4 13. Qf3 Ne4 14. Bxe4 dxe4 15. Qb3 Qd4 16. Rd1 Nc6 17. Ne2 Qxc5 18. 0-0 0-0 19. Bxh6 0-1

[Event "IECG TE.2006.P.02316 email"]
[Site "IECG email"]
[Date "2006.12.20"]
[Round "?"]
[White "Orsolic, Marijan"]
[Black "Smilovici, Emil"]
[Result "1/2-1/2"]
[WhiteElo "2155"]
[BlackElo "1953"]
[PlyCount "55"]
[EventDate "2006.12.20"]
[EventType "tourn (corr)"]
[EventRounds "12"]
[SourceTitle "Corr 2024"]
[Source "ChessBase"]
[SourceDate "2023.10.19"]
[SourceVersion "1"]
[SourceVersionDate "2023.10.19"]
[SourceQuality "1"]

1. e4 c5 2. c3 d5 3. exd5 Qxd5 4. d4 Nf6 5. Nf3 Bg4 6. Be2 e6 7. h3 Bh5 8. 0-0 Nc6 9. Be3 cxd4 10. cxd4 Be7 11. Nc3 Qd6 12. Qb3 0-0 13. Rfd1 Rfd8 14. a3 Nd5 15. Rac1 Rab8 16. Nb5 Na5 17. Qc2 Bg6 18. Nxd6 Bxc2 19. Rxc2 Bxd6 20. b4 Nc6 21. Bb5 Nce7 22. Bd2 Rbc8 23. Rdc1 Rxc2 24. Rxc2 f6 25. h4 a6 26. Bd3 b5 27. g3 Rc8 28. Rxc8+ 1/2-1/2

[Event "IECG TE.2006.P.02313 email"]
[Site "IECG email"]
[Date "2006.12.20"]
[Round "?"]
[White "Rogers, Henry"]
[Black "Smilovici, Emil"]
[Result "0-1"]
[WhiteElo "794"]
[BlackElo "1953"]
[PlyCount "58"]
[EventDate "2006.12.20"]
[EventType "tourn (corr)"]
[EventRounds "12"]
[SourceTitle "Corr 2024"]
[Source "ChessBase"]
[SourceDate "2023.10.19"]
[SourceVersion "1"]
[SourceVersionDate "2023.10.19"]
[SourceQuality "1"]

1. e4 c5 2. c3 d5 3. e5 Nc6 4. Bb5 Qb6 5. Bxc6+ bxc6 6. Qb3 c4 7. Qxb6 axb6 8. Nf3 Bg4 9. Nd4 c5 10. Nb5 Kd7 11. 0-0 Be2 12. Re1 Bd3 13. f3 e6 14. N1a3 Ne7 15. Nd6 f6 16. exf6 gxf6 17. Ndb5 Ng6 18. g3 h5 19. Re3 Bh6 20. Re1 h4 21. Kf2 hxg3+ 22. hxg3 Bg5 23. Rg1 Rh2+ 24. Rg2 Rh1 25. Rg1 Rah8 26. Rxh1 Rxh1 27. f4 Nxf4 28. gxf4 Bxf4 29. b3 Rh2+ 0-1

[Event "IECG TE.2006.P.02316 email"]
[Site "IECG email"]
[Date "2006.12.20"]
[Round "?"]
[White "Smilovici, Emil"]
[Black "Orsolic, Marijan"]
[Result "1-0"]
[WhiteElo "1953"]
[BlackElo "2155"]
[PlyCount "55"]
[EventDate "2006.12.20"]
[EventType "tourn (corr)"]
[EventRounds "12"]
[SourceTitle "Corr 2024"]
[Source "ChessBase"]
[SourceDate "2023.10.19"]
[SourceVersion "1"]
[SourceVersionDate "2023.10.19"]
[SourceQuality "1"]

1. e4 c5 2. c3 Nf6 3. e5 Nd5 4. Nf3 e6 5. Bc4 b6 6. 0-0 Bb7 7. d4 cxd4 8. Nxd4 Qc7 9. Nd2 a6 10. Re1 d6 11. Nxe6 fxe6 12. exd6 Bxd6 13. Rxe6+ Ne7 14. Qh5+ g6 15. Qh4 Rf8 16. Ne4 Bxe4 17. Rxe4 Nbc6 18. Be6 Nd8 19. Bd5 Ndc6 20. Bg5 0-0-0 21. Bxc6 Nxc6 22. Bxd8 Rxd8 23. b4 Kb7 24. Rb1 Be5 25. c4 Rd7 26. b5 axb5 27. cxb5 Nd4 28. a4 1-0

[Event "IECG TE.2006.P.02316 email"]
[Site "IECG email"]
[Date "2006.12.20"]
[Round "?"]
[White "Smilovici, Emil"]
[Black "Traczewski, Wojciech"]
[Result "1-0"]
[WhiteElo "1953"]
[BlackElo "1797"]
[PlyCount "55"]
[EventDate "2006.12.20"]
[EventType "tourn (corr)"]
[EventRounds "12"]
[SourceTitle "Corr 2024"]
[Source "ChessBase"]
[SourceDate "2023.10.19"]
[SourceVersion "1"]
[SourceVersionDate "2023.10.19"]
[SourceQuality "1"]

1. e4 c5 2. c3 Nf6 3. e5 Nd5 4. Nf3 Nc6 5. Bc4 Nb6 6. Bb3 d5 7. exd6 Qxd6 8. Na3 a6 9. 0-0 Bf5 10. d4 cxd4 11. Nxd4 Nxd4 12. cxd4 e6 13. Qf3 Qc6 14. Qg3 Rd8 15. Bd2 Rxd4 16. Be3 Rg4 17. Qb8+ Qc8 18. Qa7 Nd7 19. Rac1 Qd8 20. Nc4 Qb8 21. Qxb8+ Nxb8 22. Na5 Nc6 23. Nxb7 Rb4 24. Rxc6 Rxb7 25. Rxa6 f6 26. Bxe6 Bxe6 27. Rxe6+ Kd7 28. Re4 1-0

[Event "IECG TE.2006.P.02316 email"]
[Site "IECG email"]
[Date "2006.12.20"]
[Round "?"]
[White "Smilovici, Emil"]
[Black "Wurm, Tamas"]
[Result "1-0"]
[WhiteElo "1953"]
[BlackElo "1060"]
[PlyCount "41"]
[EventDate "2006.12.20"]
[EventType "tourn (corr)"]
[EventRounds "12"]
[SourceTitle "Corr 2024"]
[Source "ChessBase"]
[SourceDate "2023.10.19"]
[SourceVersion "1"]
[SourceVersionDate "2023.10.19"]
[SourceQuality "1"]

1. e4 c5 2. c3 d5 3. exd5 Qxd5 4. d4 Nf6 5. Nf3 e6 6. Be3 cxd4 7. cxd4 Nc6 8. Nc3 Qd6 9. a3 Be7 10. Bd3 0-0 11. 0-0 b6 12. Qe2 Bb7 13. Rad1 Rfd8 14. Rfe1 Rac8 15. Bg5 Ng4 16. d5 Bxg5 17. dxc6 Qxc6 18. Bxh7+ Kh8 19. Be4 Qc7 20. Bxb7 Bf4 21. Bxc8 1-0

[Event "Gatineau Outaouais op"]
[Site "Gatineau"]
[Date "2006.09.22"]
[Round "1"]
[White "Smilovici, Emil"]
[Black "Gelblum, Robert"]
[Result "0-1"]
[WhiteElo "1923"]
[BlackElo "2167"]
[PlyCount "86"]
[EventDate "2006.09.22"]
[EventType "swiss"]
[EventRounds "5"]
[EventCountry "CAN"]
[SourceTitle "EXT 2022"]
[Source "ChessBase"]
[SourceDate "2021.10.06"]
[SourceVersion "1"]
[SourceVersionDate "2021.10.06"]
[SourceQuality "1"]

1. e4 c5 2. c3 Nf6 3. e5 Nd5 4. d4 cxd4 5. cxd4 d6 6. Nf3 Nc6 7. Bc4 Nb6 8. Bb3 dxe5 9. dxe5 Qxd1+ 10. Bxd1 Nc4 11. Ba4 Bd7 12. Bxc6 Bxc6 13. Nbd2 Nxd2 14. Bxd2 e6 15. 0-0 Bc5 16. Rac1 Be7 17. Nd4 Bd5 18. Nb5 0-0 19. Nc7 Rad8 20. Nxd5 Rxd5 21. Bc3 Rfd8 22. g3 h6 23. h4 h5 24. Kg2 Kh7 25. Rfe1 Kg6 26. Re4 R8d7 27. Rce1 Bc5 28. Rc1 Bb6 29. a3 Rc7 30. Rce1 Rd3 31. R1e2 Bc5 32. Re1 Bxa3 33. Ra1 Bc5 34. Rc4 b5 35. Re4 Bb6 36. Rb4 Rd5 37. Rb3 Rc4 38. Ra6 Re4 39. Rba3 Re2 40. Ba5 Rxf2+ 41. Kh3 Rd1 42. g4 Rh1+ 43. Kg3 Rg1+ 0-1

[Event "IECG TE.2004.S.01603"]
[Site "IECG email"]
[Date "2005.11.27"]
[Round "?"]
[White "Ponti Lopes, Aloisio"]
[Black "Smilovici, Emil"]
[Result "1-0"]
[WhiteElo "2024"]
[BlackElo "1953"]
[PlyCount "71"]
[EventDate "2005.11.27"]
[EventType "tourn (corr)"]
[EventRounds "12"]
[SourceTitle "Corr 2008"]
[Source "ChessBase"]
[SourceDate "2008.06.24"]
[SourceVersion "1"]
[SourceVersionDate "2008.06.24"]
[SourceQuality "1"]

1. e4 c6 2. d4 d5 3. e5 Bf5 4. Nf3 e6 5. Be2 Nd7 6. Be3 Ne7 7. Nh4 c5 8. c3 Qb6 9. Na3 a6 10. Qd2 cxd4 11. Bxd4 Qc7 12. f4 Be4 13. Nc2 Nc6 14. Nf3 f6 15. exf6 gxf6 16. 0-0 Bxc2 17. Qxc2 Qxf4 18. Rae1 Bc5 19. Kh1 Bxd4 20. Nxd4 Nxd4 21. Qa4 Qd2 22. Bh5+ Kd8 23. cxd4 Rg8 24. Re2 Qd3 25. Rfe1 Rc8 26. h3 Qc4 27. Qa5+ b6 28. Qd2 e5 29. dxe5 Nxe5 30. Qh6 Rc6 31. Qxh7 Rf8 32. Bg4 Rc7 33. Qh6 Qc5 34. Bf5 Rff7 35. Be6 Rf8 36. Rd2 1-0

[Event "IECG TE.2004.S.01603"]
[Site "IECG email"]
[Date "2005.11.27"]
[Round "?"]
[White "Precerutti, Juan Arturo"]
[Black "Smilovici, Emil"]
[Result "0-1"]
[WhiteElo "1788"]
[BlackElo "1953"]
[PlyCount "72"]
[EventDate "2005.11.27"]
[EventType "tourn (corr)"]
[EventRounds "12"]
[SourceTitle "Corr 2008"]
[Source "ChessBase"]
[SourceDate "2008.06.24"]
[SourceVersion "1"]
[SourceVersionDate "2008.06.24"]
[SourceQuality "1"]

1. e4 c6 2. d4 d5 3. e5 Bf5 4. g4 Bd7 5. c4 e6 6. Nc3 c5 7. cxd5 exd5 8. dxc5 Bxc5 9. Qxd5 Qb6 10. Qg2 Nc6 11. Nf3 Nb4 12. Rb1 Qg6 13. Nh4 Qxg4 14. Qxg4 Bxg4 15. Bb5+ Kf8 16. Bf4 Ne7 17. f3 Be6 18. a3 Nc2+ 19. Kd2 Nd4 20. Ne4 Bb6 21. Bd3 h6 22. Bg3 g5 23. Ng2 Nxf3+ 24. Ke2 Bg4 25. h3 Ng1+ 26. Kd2 Nxh3 27. Nd6 Nc8 28. Rbf1 Nxd6 29. exd6 Re8 30. Bc4 f5 31. d7 Rd8 32. Bd6+ Kg7 33. Be5+ Kh7 34. Bxh8 Rxd7+ 35. Kc3 Kxh8 36. Be6 Rc7+ 0-1

[Event "IECG TE.2004.S.01603"]
[Site "IECG email"]
[Date "2005.11.27"]
[Round "?"]
[White "Shutov, Andry"]
[Black "Smilovici, Emil"]
[Result "1/2-1/2"]
[WhiteElo "1810"]
[BlackElo "1953"]
[PlyCount "29"]
[EventDate "2005.11.27"]
[EventType "tourn (corr)"]
[EventRounds "12"]
[SourceTitle "Corr 2024"]
[Source "ChessBase"]
[SourceDate "2023.10.19"]
[SourceVersion "1"]
[SourceVersionDate "2023.10.19"]
[SourceQuality "1"]

1. e4 c6 2. d4 d5 3. e5 Bf5 4. c4 e6 5. a3 Nd7 6. cxd5 cxd5 7. Nc3 f6 8. Nf3 Be7 9. Nh4 fxe5 10. Nxf5 exf5 11. dxe5 Nxe5 12. Bf4 Ng6 13. Qxd5 Qxd5 14. Nxd5 Nxf4 15. Nxf4 1/2-1/2

[Event "IECG TE.2004.S.01603"]
[Site "IECG email"]
[Date "2005.11.27"]
[Round "?"]
[White "Smilovici, Emil"]
[Black "Shutov, Andry"]
[Result "1/2-1/2"]
[WhiteElo "1953"]
[BlackElo "1810"]
[PlyCount "32"]
[EventDate "2005.11.27"]
[EventType "tourn (corr)"]
[EventRounds "12"]
[SourceTitle "Corr 2008"]
[Source "ChessBase"]
[SourceDate "2008.06.24"]
[SourceVersion "1"]
[SourceVersionDate "2008.06.24"]
[SourceQuality "1"]

1. e4 c6 2. d4 d5 3. e5 Bf5 4. Nc3 h5 5. Bd3 Bxd3 6. Qxd3 e6 7. Nf3 Be7 8. Ne2 h4 9. Qb3 Qb6 10. Qxb6 axb6 11. h3 Nh6 12. Bg5 Bxg5 13. Nxg5 Nf5 14. c3 c5 15. Nf3 Nc6 16. a3 Kd7 1/2-1/2

[Event "IECG TE.2004.S.01501"]
[Site "IECG email"]
[Date "2005.08.19"]
[Round "?"]
[White "Groffen, Hans"]
[Black "Smilovici, Emil"]
[Result "0-1"]
[WhiteElo "2094"]
[BlackElo "1953"]
[PlyCount "80"]
[EventDate "2005.08.19"]
[EventType "tourn (corr)"]
[EventRounds "8"]
[SourceTitle "Corr 2024"]
[Source "ChessBase"]
[SourceDate "2023.10.19"]
[SourceVersion "1"]
[SourceVersionDate "2023.10.19"]
[SourceQuality "1"]

1. e4 e6 2. d4 d5 3. Nc3 Nf6 4. Bg5 Bb4 5. e5 h6 6. Be3 Ne4 7. Qg4 Kf8 8. a3 Bxc3+ 9. bxc3 c5 10. Bd3 Nxc3 11. dxc5 Nc6 12. Nf3 f5 13. Qh5 Bd7 14. g4 Ne4 15. gxf5 exf5 16. Rb1 Qa5+ 17. Kf1 Qc7 18. Rg1 Be6 19. Ng5 Nxg5 20. Bxg5 Rb8 21. Re1 Qf7 22. Qh4 Re8 23. Bc1 Qe7 24. Qh5 Qf7 25. Qh3 Ke7 26. Bb5 f4 27. Qb3 d4 28. Qa4 Rc8 29. Bxc6 Rxc6 30. Re4 g5 31. Rxd4 Bh3+ 32. Ke1 Rhc8 33. Bd2 Qe6 34. Kd1 Kf7 35. Rb4 Bg4+ 36. Kc1 Rxc5 37. Rxb7+ Kg6 38. c3 Qxe5 39. Kb1 Bf5+ 40. Ka1 Rxc3 0-1

[Event "IECG TE.2003.S.01202 email"]
[Site "IECG email"]
[Date "2005.04.25"]
[Round "?"]
[White "Sandehn, Kenth"]
[Black "Smilovici, Emil"]
[Result "1-0"]
[WhiteElo "2155"]
[BlackElo "1953"]
[PlyCount "67"]
[EventDate "2005.04.25"]
[EventType "tourn (corr)"]
[EventRounds "12"]
[SourceTitle "Corr 2008"]
[Source "ChessBase"]
[SourceDate "2008.06.24"]
[SourceVersion "1"]
[SourceVersionDate "2008.06.24"]
[SourceQuality "1"]

1. e4 d5 2. exd5 Qxd5 3. Nc3 Qd6 4. d4 Nf6 5. Nf3 a6 6. Bd3 g6 7. 0-0 Bg7 8. Ne2 0-0 9. c3 Nbd7 10. Bf4 Qc6 11. Re1 Rd8 12. Qd2 b5 13. Ng3 e6 14. Ne4 Nd5 15. Bh6 Bh8 16. Neg5 Re8 17. h4 Bb7 18. h5 e5 19. a4 bxa4 20. c4 N5f6 21. Nxf7 Kxf7 22. dxe5 Nc5 23. hxg6+ hxg6 24. e6+ Ke7 25. Bxg6 Nb3 26. Qb4+ Qc5 27. Qxa4 Nxa1 28. Be3 Qd6 29. Rd1 Bc6 30. Qxa1 Qb4 31. Ne5 Bxg2 32. Kxg2 Qb7+ 33. Kg1 Red8 34. Bc5+ 1-0